[Event "EU-ch U12 30th"]
[Site "Antalya"]
[Date "2022.11.06"]
[Round "1"]
[White "Livnansky, Michal"]
[Black "Brzezina, Piotr"]
[Result "0-1"]
[WhiteElo "1546"]
[BlackElo "1942"]
[PlyCount "30"]
[EventDate "2022.11.06"]
[EventType "swiss"]
[EventRounds "9"]
[EventCountry "TUR"]
[SourceTitle "EXT 2024"]
[Source "ChessBase"]
[SourceDate "2023.10.10"]
[SourceVersion "1"]
[SourceVersionDate "2023.10.10"]
[SourceQuality "1"]

1. e4 e5 2. Nc3 Bc5 3. f4 d6 4. Nf3 Nc6 5. Bb5 Bg4 6. d3 a6 7. Ba4 b5 8. Bb3 Nd4 9. fxe5 Bxf3 10. gxf3 Qh4+ 11. Kd2 Qf2+ 12. Ne2 Nxf3+ 13. Kc3 b4+ 14. Kc4 Nxe5+ 15. Kd5 c6# 0-1